<?xml version="1.0" encoding="UTF-8"?>
<record
    xmlns:xsi="http://www.w3.org/2001/XMLSchema-instance"
    xsi:schemaLocation="http://www.loc.gov/MARC21/slim http://www.loc.gov/standards/marcxml/schema/MARC21slim.xsd"
    xmlns="http://www.loc.gov/MARC21/slim">

  <leader>00661nam a2200205Ia 4500</leader>
  <controlfield tag="001">34873</controlfield>
  <controlfield tag="003">UNIBE</controlfield>
  <controlfield tag="005">20260427112900.0</controlfield>
  <controlfield tag="008">26042711999    xxu                 spa     </controlfield>
  <datafield tag="020" ind1=" " ind2=" ">
    <subfield code="a">9980507648</subfield>
  </datafield>
  <datafield tag="040" ind1=" " ind2=" ">
    <subfield code="c">BIBLIOTECA UNIBE</subfield>
  </datafield>
  <datafield tag="041" ind1=" " ind2=" ">
    <subfield code="a">spa</subfield>
  </datafield>
  <datafield tag="082" ind1=" " ind2=" ">
    <subfield code="a">F 5821</subfield>
  </datafield>
  <datafield tag="110" ind1="2" ind2=" ">
    <subfield code="a">Organizaci&#xF3;n Mundial de la Propiedad Intelectual (OMPI)</subfield>
    <subfield code="9">204371</subfield>
  </datafield>
  <datafield tag="245" ind1="1" ind2="0">
    <subfield code="a">Informaciones generales : Organizaci&#xF3;n Mudial de la Propiedad Intelectual</subfield>
  </datafield>
  <datafield tag="260" ind1="4" ind2=" ">
    <subfield code="a">New York : </subfield>
    <subfield code="b">Organizaci&#xF3;n Mundial de la Propiedad Intelectual (OMPI),</subfield>
    <subfield code="c">1999</subfield>
  </datafield>
  <datafield tag="300" ind1="4" ind2=" ">
    <subfield code="a">17 p&#xE1;ginas : </subfield>
    <subfield code="b">ilustraciones </subfield>
  </datafield>
  <datafield tag="650" ind1=" " ind2="7">
    <subfield code="a">Propiedad intelectual</subfield>
    <subfield code="2">lemb</subfield>
  </datafield>
  <datafield tag="942" ind1=" " ind2=" ">
    <subfield code="2">ddc</subfield>
    <subfield code="c">MX</subfield>
  </datafield>
  <datafield tag="999" ind1=" " ind2=" ">
    <subfield code="c">114602</subfield>
    <subfield code="d">114602</subfield>
  </datafield>
  <datafield tag="952" ind1=" " ind2=" ">
    <subfield code="0">0</subfield>
    <subfield code="1">0</subfield>
    <subfield code="2">ddc</subfield>
    <subfield code="7">0</subfield>
    <subfield code="8">FOL</subfield>
    <subfield code="a">Principal</subfield>
    <subfield code="b">Principal</subfield>
    <subfield code="d">2026-01-01</subfield>
    <subfield code="l">0</subfield>
    <subfield code="o">F 5821</subfield>
    <subfield code="p">F250194</subfield>
    <subfield code="r">2026-04-27 11:29:38</subfield>
    <subfield code="t">Ej. 1</subfield>
    <subfield code="w">2026-04-27</subfield>
    <subfield code="y">MX</subfield>
  </datafield>
</record>
